000 00609cab a2200181 4500
001 ABS39259
008 090401t1988 xxu||||| |||| 00| 0 eng d
035 _a(Sirsi) u15501
041 _aeng
245 4 _aThe Budget: changes in forestry taxation and the new Woodland Grant Scheme
260 _c1988
350 _a0
490 _aTimber Grower
_v(107) Summer 1988, 7-9(2)
520 _aSummarises changes announced in the Budget. The WGS came into effect on 5 April 1988; commercial woodlands are removed from income tax and corporation tax.
690 _aTAXATION
942 _n0
948 _c04/03/1997
999 _c10173
_d10173